Datum a čas kvízu
28.5
Celkem bodů
Celkový počet nahraných bodů na tomto kvízu bez doplňovacích otázek.
5.
Pořadí na kvízu
Konečné umístění týmu na tomto kvízu.
Zaznamenané odpovědi
| # | Otázka | Odpověď | Body | Výsledky |
|---|---|---|---|---|
| 1. | Centrum pro výzkum veřejného m... | A | 1 | |
| 2. | Další francouzský kostel zachv... | Nantes | 1 | |
| 3. | Jak se nazývá pražské muzeum,... | Museum Kampa | 0 | |
| 4. | Největší výrobce hodinek na sv... | Swatch | 0 | |
| 5. | Pod vlivem protirasistických p... | (Washington) Redskins | 1 | |
| 6. | Putování po našich dálnicích n... | Veveří | 0 | |
| 7. | Na D1 ještě zůstaneme. Již od... | U Rybiček | 1 | |
| 8. | Když pojedeme po D8, nemůžeme... | V tomto roce zde byl vyzvednut základní kámen pro stavbu Národního divadla. | 0 | |
| 9. | Po dálnici D10 se dostaneme až... | Dlaskův statek | 0 | |
| 10. | Přiřaďte následující zajímavá... | 1C 2B 3D 4A | 1 |